|
|
|
|
| LEADER |
00000nab a2200000 a 4500 |
| 001 |
vtls000796618 |
| 003 |
SK-MaSNL |
| 005 |
20260304112641.0 |
| 008 |
250429c2002 xo 0 slo |
| 015 |
|
|
|a SNBRB2002/07-21661
|
| 035 |
|
|
|a CLN000148273
|
| 035 |
|
|
|a urn:nbn:sk:snk-abo02
|
| 035 |
|
|
|a (urnnbn)urn:nbn:sk:snk:ar-a06alu
|
| 035 |
|
|
|a (uuid)61669203-e81c-4793-9061-feb6bec22c57
|
| 040 |
|
|
|a SNKBUCL
|b slo
|c SNKBUCL
|e AACR2
|
| 041 |
0 |
|
|a slo
|
| 044 |
|
|
|a xo
|c SK
|
| 080 |
|
|
|a 616.94:616-089
|2 1997
|
| 100 |
1 |
|
|a Olejník, J.
|4 aut
|9 845565
|
| 245 |
1 |
0 |
|a Sepsa - stručný prehľad súčasných trendov pre chirurga
|n 1.
|c J. Olejník
|
| 650 |
0 |
7 |
|a sepsa
|2 snkbucl
|9 14471
|
| 650 |
0 |
7 |
|a septický šok
|2 snkbucl
|9 169787
|
| 655 |
|
7 |
|a články z novín a časopisov
|2 snkbucl
|9 267496
|
| 773 |
0 |
|
|t Slovenský chirurg
|g Roč. 6, č. 1 (2002), s. 26-28
|x 1335-2954
|
| 850 |
|
|
|a Slovenská národná knižnica
|
| 852 |
|
|
|a Slovenská národná knižnica
|
| 954 |
|
|
|a odborná, vedecká literatúra pôvodná (slovenská)
|2 lita
|
| 958 |
|
|
|a article27
|
| 958 |
|
|
|a MI
|
| 958 |
|
|
|a OND
|
| 958 |
|
|
|a EUIPO
|
| 999 |
|
|
|c 2866621
|d 2868551
|